LEADER 01366nam a2200301 u 4500 001 000000023150 003 CaOOAMICUS 005 20070226111215.0 008 950515m19291936it u000 u ita u 035 $a10581255 040 $aPUL(R)$bita 041 0 $aita$alat$ager$afre 110 1 $aSanta Sede.$0(OLS)http://pul/name/987 240 10$aTrattati, ecc.$9(Santa Sede).$0(OLS)http://pul/title/19485 245 12$aI concordati postbellici /$c[a cura di] Amedeo Giannini. 260 $aMilano :$bSocietą editrice "Vita e pensiero",$c1929-1936. 300 $a2 v. ;$c19 cm 610 14$aSanta Sede$xTrattati, concordati, accordi, ecc.$0(OLS)http://pul/subject/14354 650 4$aDiritto concordatario.$0(OLS)http://pul/subject/2274 700 1 $aGiannini, Amedeo,$d1886-1960.$0(OLS)http://pul/name/3607 850 $aPUL 852 $aPUL$W1$xSL Diritto Canonico 1$y5$m149 E 24$j32456$nBK-PRI$b $qStampati$B32456$CPULBib$Z2$F32456 $H $81 852 $aPUL$W1$xSL Diritto Canonico 1$y5$m149 F 62$j32457$nBK-PRI$b $qStampati$B32457$CPULBib$Z2$F32457 $H $81 941 1 $a8 961 $aINV: 3875 961 $aINV: 57392 996 $6245$aI concordati postbellici$9(OLS)http://pul/title/32236 996 $6260$aMilano :$bSocietą editrice "Vita e pensiero"$9(OLS)http://pul/publisher/48525 LEADER 01306nam a2200325 a 4500 001 000000150326 003 CaOOAMICUS 005 20160311100337.0 008 160311s1990 stka u000 u eng r 020 $a0-567-29174-X* 032 $aLibriCat 040 $aPUL$bita 041 1 $aeng$hger 082 04$a223.2 100 1 $aSeybold, Klaus.$0(OLS)http://pul/name/25738 240 10$aPsalmen, eine Einführung.$lInglese.$0(OLS)http://pul/title/189432 245 10$aIntroducing the Psalms /$cby Klaus Seybold ; translated by R. Graeme Dunphy. 260 $aEdinburgh :$bT. & T. Clark,$c1990. 300 $axii, 260 p. :$bill. ;$c22 cm. 500 $aComprende indici. 630 04$aBiblia.$pV.T.$pPsalmi$xCommenti.$0(OLS)http://pul/subject/1498 700 1 $aDunphy, R. Graeme.$0(OLS)http://pul/name/95713 850 $aPUL 852 $aPUL$W1$xSL Religione 3$y85$m223. 2 SEYKL 1$j172885$bRist. del 2004$qDDC 21$B174832$CPULBib$Z2$F174832 $H127445 $81 941 1 $a9 996 $6020$a0-567-29174-X*$9(OLS)http://pul/number/160043 996 $6082$a223.2$9(OLS)http://pul/classification/536 996 $6245$aIntroducing the Psalms$9(OLS)http://pul/title/189433 996 $6260$aEdinburgh :$bT. & T. Clark$9(OLS)http://pul/publisher/51693